It's a dog's life / (Record no. 354990)
[ view plain ]
| 000 -LEADER | |
|---|---|
| fixed length control field | 00610nam a2200265Ia 4500 |
| 003 - CONTROL NUMBER IDENTIFIER | |
| control field | 20180516111720.0 |
| 005 - DATE AND TIME OF LATEST TRANSACTION | |
| control field | 20180516111740.0 |
| 008 - FIXED-LENGTH DATA ELEMENTS--GENERAL INFORMATION | |
| fixed length control field | 180207s9999 xx 000 0 und d |
| 020 ## - INTERNATIONAL STANDARD BOOK NUMBER | |
| International Standard Book Number | 9780439692601 |
| 050 ## - LIBRARY OF CONGRESS CALL NUMBER | |
| Item number | W331 2004 |
| 100 ## - MAIN ENTRY--PERSONAL NAME | |
| Personal name | Waters, Teresa |
| 245 ## - TITLE STATEMENT | |
| Title | It's a dog's life / |
| 245 ## - TITLE STATEMENT | |
| Statement of responsibility, etc | by Teresa Waters. |
| 260 ## - PUBLICATION, DISTRIBUTION, ETC. (IMPRINT) | |
| Place of publication, distribution, etc | Broadway, New York : |
| 260 ## - PUBLICATION, DISTRIBUTION, ETC. (IMPRINT) | |
| Name of publisher, distributor, etc | Scholastic, |
| 260 ## - PUBLICATION, DISTRIBUTION, ETC. (IMPRINT) | |
| Date of publication, distribution, etc | 2004 |
| 300 ## - PHYSICAL DESCRIPTION | |
| Extent | 23 pages : |
| 300 ## - PHYSICAL DESCRIPTION | |
| Other physical details | illustrations ; |
| 300 ## - PHYSICAL DESCRIPTION | |
| Dimensions | 19cm. |
| 440 ## - SERIES STATEMENT/ADDED ENTRY--TITLE | |
| Title | Read 180. |
| 500 ## - GENERAL NOTE | |
| General note | 250 |
| 700 ## - ADDED ENTRY--PERSONAL NAME | |
| Personal name | Series. |
| 700 ## - ADDED ENTRY--PERSONAL NAME | |
| Personal name | Title. |
| 942 ## - ADDED ENTRY ELEMENTS (KOHA) | |
| Source of classification or shelving scheme | Library of Congress Classification |
| Koha item type | Lexile |
| Withdrawn status | Lost status | Damaged status | Home library | Current library | Date acquired | Total Checkouts | Full call number | Barcode | Date last seen | Price effective from | Koha item type |
|---|---|---|---|---|---|---|---|---|---|---|---|
| Stonyhurst Southville International School (Malarayat) | Stonyhurst Southville International School (Malarayat) | 02/07/2018 | LEX W331 2004 | SSISM4535 | 02/07/2018 | 02/07/2018 | Books |